Financial accounting: (Record no. 198809)
[ view plain ]
| 000 -LEADER | |
|---|---|
| fixed length control field | 00822nam a2200253Ia 4500 |
| 003 - CONTROL NUMBER IDENTIFIER | |
| control field | OSt |
| 005 - DATE AND TIME OF LATEST TRANSACTION | |
| control field | 20220208152625.0 |
| 008 - FIXED-LENGTH DATA ELEMENTS--GENERAL INFORMATION | |
| fixed length control field | 210716s1999 xx 000 0 und d |
| 020 ## - INTERNATIONAL STANDARD BOOK NUMBER | |
| International Standard Book Number | 0030213371 |
| 040 ## - CATALOGING SOURCE | |
| Transcribing agency | AIMIT LIBRARY |
| 041 ## - LANGUAGE CODE | |
| Language code of text/sound track or separate title | eng |
| 082 ## - DEWEY DECIMAL CLASSIFICATION NUMBER | |
| Classification number | 657.48 PORG |
| 100 ## - MAIN ENTRY--PERSONAL NAME | |
| Personal name | Porter, Gary A. |
| 9 (RLIN) | 18036 |
| 245 ## - TITLE STATEMENT | |
| Title | Financial accounting: |
| Remainder of title | impact on decision makers / |
| Statement of responsibility, etc. | By Gary A. Porter and Curtis L. Norton. |
| 250 ## - EDITION STATEMENT | |
| Edition statement | 2nd ed. |
| Remainder of edition statement | Alternate Second Edition. |
| 260 ## - PUBLICATION, DISTRIBUTION, ETC. | |
| Place of publication, distribution, etc. | New York : |
| Name of publisher, distributor, etc. | Dryden Press , |
| Date of publication, distribution, etc. | 1999. |
| 300 ## - PHYSICAL DESCRIPTION | |
| Extent | xxix,593,A-21,B-4,G-9,I-7p. ; |
| Dimensions | 28 cm. |
| 650 ## - SUBJECT ADDED ENTRY--TOPICAL TERM | |
| Topical term or geographic name entry element | Financial Accounting. |
| 9 (RLIN) | 18037 |
| 650 ## - SUBJECT ADDED ENTRY--TOPICAL TERM | |
| Topical term or geographic name entry element | Accounting Model. |
| 9 (RLIN) | 18038 |
| 650 ## - SUBJECT ADDED ENTRY--TOPICAL TERM | |
| Topical term or geographic name entry element | Accounting for Assets. |
| 9 (RLIN) | 18039 |
| 650 ## - SUBJECT ADDED ENTRY--TOPICAL TERM | |
| Topical term or geographic name entry element | Financial Reporting. |
| 9 (RLIN) | 18040 |
| 700 ## - ADDED ENTRY--PERSONAL NAME | |
| Personal name | Norton, Curtis L. |
| 9 (RLIN) | 18041 |
| 942 ## - ADDED ENTRY ELEMENTS (KOHA) | |
| Source of classification or shelving scheme | Dewey Decimal Classification |
| Koha item type | Book |
| Edition | 2nd |
| Call number prefix | 657.48 PORG |
| Withdrawn status | Lost status | Source of classification or shelving scheme | Damaged status | Not for loan | Collection code | Home library | Current library | Date acquired | Source of acquisition | Total Checkouts | Full call number | Barcode | Date last seen | Price effective from | Koha item type |
|---|---|---|---|---|---|---|---|---|---|---|---|---|---|---|---|
| Dewey Decimal Classification | Reference Book | MBA | St Aloysius Institute of Management & Information Technology | St Aloysius Institute of Management & Information Technology | 01/01/2005 | Donated | 657.48 PORG | MBA01374 | 07/21/2025 | 07/16/2021 | Donated Books |